000
00211nam a2200073Ia 4500
008
170817s9999 xx 000 0 und d
100
_a
Datta.Agnihotra
245
0
_a
Bal Kandrit Shiksha Evam Shaikshik Prodhike
260
_b
Agarwal Prakashan Agara
999
_c
39383
_d
39383